[Event "Budapest Spring Festival 2019"]
[Site "Budapest"]
[Date "2019.04.09"]
[Round "1.18"]
[White "Torok, Sandor"]
[Black "Shyam, Sundar M."]
[Result "0-1"]
[WhiteElo "2273"]
[BlackElo "2519"]
[Annotator "TA"]
[PlyCount "79"]
[EventDate "2019.04.09"]
[EventType "swiss"]
[EventCountry "HUN"]
[SourceTitle "playchess.com"]
[Source "ChessBase"]
[SourceQuality "1"]

{[%evp 13,79,5,50,37,43,-1,87,88,73,74,70,0,0,11,9,0,40,0,32,32,20,28,39,16,13,0,0,0,0,0,0,8,14,0,0,0,0,0,0,0,0,0,8,-27,-11,-308,-296,-303,-245,-244,-238,-497,-489,-448,-397,-419,-408,-414,-389,-381,-358,-542,-449,-977,-949,-1166,-1141,-907]} 1. e4 c5 2. Nf3 d6 3. d4 cxd4 4. Nxd4 Nf6 5. Nc3 a6 6. Bg5 e6 7. f4 Qc7 8. Qe2 {B96: Sicilian Najdorf: 6 Bg5 e6 7 f4, lines other than 7...Qb6 and 7...Be7} (8. Bxf6 gxf6 9. Be2 Nc6 10. Qd3 Nxd4 11. Qxd4 Qc5 12. Qd3 Bd7 13. O-O-O Rc8 14. Kb1 b5 15. a3 h5 16. f5 b4 17. axb4 Qxb4 18. fxe6 fxe6 {1-0 (35) Sutovsky,E (2650)-Najer,E (2679) Poikovsky 2017}) 8... b5 9. e5 b4 (9... dxe5 $11 {remains equal.} 10. fxe5 Nfd7) 10. Ncb5 $1 $16 {[%cal Rb5c7] White is better.} axb5 11. exf6 {[#] aiming for Qe4.} g6 $146 ({Predecessor:} 11... gxf6 12. Bxf6 Rg8 13. f5 e5 14. Nxb5 Qb6 15. Qf2 Qc6 {½-½ (28) Karthik,V (2476)-Deepan Chakkravarthy,J (2475) Chennai 2018}) 12. Qe4 (12. g4 $14) 12... d5 $11 13. Bxb5+ Kd8 $1 $132 {[%mdl 2048] Black is not keeping still} 14. Qd3 Bc5 15. Nb3 Ba6 16. Nxc5 Qxc5 17. Bxa6 Rxa6 18. Bh4 Rc6 19. Rc1 Kd7 20. Bf2 Qc4 {Threatens to win with ...Qxd3.} 21. O-O Qxd3 22. cxd3 Rhc8 23. Be3 d4 24. Rxc6 Nxc6 {[%mdl 4096] Endgame KRB-KRN} 25. Bd2 Ra8 26. Ra1 e5 27. fxe5 b3 28. a3 Nxe5 29. Re1 $2 {[%mdl 8192]} (29. Rd1 $1 $11 {and White stays safe.}) 29... Nxd3 $19 {[%mdl 64] [#] Double Attack} 30. Re4 Nxb2 31. Rxd4+ Ke6 32. Rb4 $2 (32. Re4+ Kd5 33. Re7) 32... Rxa3 {White must now prevent ...Ra1+.} 33. Kf1 Na4 34. Ke2 b2 35. Kd1 Kxf6 36. Kc2 h5 37. h4 (37. Re4 $142) 37... Ke6 {Black is clearly winning.} 38. Rb5 (38. g3 $142 Ra1 39. Be3) 38... Rg3 39. Rb4 Rxg2 40. Re4+ {Accuracy: White = 33%, Black = 63%.} 0-1

[Event "Budapest Spring Festival 2019"]
[Site "Budapest"]
[Date "2019.04.09"]
[Round "1.19"]
[White "Vetoshko, Volodymyr"]
[Black "Havanecz, Bianka"]
[Result "1/2-1/2"]
[WhiteElo "2510"]
[BlackElo "2265"]
[Annotator "TA"]
[PlyCount "123"]
[EventDate "2019.04.09"]
[EventType "swiss"]
[EventCountry "HUN"]
[SourceTitle "playchess.com"]
[Source "ChessBase"]
[SourceQuality "1"]

{[%evp 23,123,43,65,68,127,128,137,114,131,127,116,119,139,84,88,88,108,69,65,58,77,89,90,79,87,99,65,70,69,56,57,54,85,0,0,-5,-5,-10,22,17,25,-11,93,83,114,56,102,79,140,47,46,46,49,48,147,17,28,-37,-28,-31,-33,-470,-377,-357,-279,-495,-481,-559,-566,-526,-543,-571,-558,-672,-672,-625,-596,-745,-186,-281,0,0,0,0,0,0,0,0,0,0,0,0,0,0,0,0,8,8,8,8,8,0]} 1. e4 e5 2. Nf3 Nc6 3. Bb5 a6 4. Ba4 Nf6 5. O-O Be7 6. Re1 b5 7. Bb3 d6 8. c3 O-O 9. h3 Bb7 10. d4 Nd7 11. a4 {[%cal Ba2a4,Ba4a5][%mdl 32]} Bf6 12. d5 Na5 13. Ba2 {C92: Closed Ruy Lopez: 9...Be6, Karpov and Flohr-Zaitsev Variations} (13. Bc2 Nb6 14. Nbd2 c6 15. b4 Nac4 16. a5 Nxd2 17. Nxd2 Nc4 18. Nxc4 bxc4 19. dxc6 Bxc6 20. Be3 Be7 {0-1 (51) Alinasab,M (2320)-Abasov,N (2622) Ordu 2018}) 13... Nb6 (13... c6 $14) 14. b4 $1 $16 {[%cal Rb4a5]} Nac4 15. a5 {White is clearly better.} Nc8 16. Bxc4 $1 bxc4 17. Na3 c6 {With the idea ...cxd5.} 18. dxc6 ({White should try} 18. Nxc4 Qd7 19. Bb2) 18... Bxc6 19. Nxc4 Qc7 $146 ({Predecessor:} 19... Bxe4 20. Rxe4 d5 21. Rxe5 dxc4 {0-1 (44) Payen,A (2280)-Richardson,J (2310) Budapest 1996}) 20. Na3 Qb7 21. Qe2 d5 22. exd5 Bxd5 23. Rb1 e4 24. Nd4 Bxd4 25. cxd4 Nd6 26. Bf4 Nf5 27. Be3 Rfc8 28. Qd2 (28. Qb2 $1 $16) 28... Rc6 $11 29. g3 Rg6 30. Kh2 $1 Qb8 {Strongly threatening ...Nh4.} 31. Bf4 Qa7 32. Nc2 Rd8 (32... Nh4 $11 {keeps the balance.} 33. Re3 (33. gxh4 Rg2+ {[%mdl 64] Decoy} 34. Kxg2 e3+ {[%mdl 64] Discovered Attack} 35. f3 exd2 $17) 33... Nf3+ 34. Rxf3 exf3) 33. b5 $16 e3 34. Qd3 (34. Rxe3 $16 {Threatens to win with b6.} Nxe3 35. b6 Ng4+ 36. hxg4) 34... exf2 $14 35. Rf1 Qd7 (35... Nd6 $142) 36. Rxf2 (36. Nb4 $16) 36... axb5 37. Qxb5 Bc6 38. Qc5 Nd6 ({Black should play} 38... h5 $14) 39. Bxd6 (39. d5 $16 Bb7 40. Bxd6 Rxd6 41. Ne3) 39... Rxd6 $11 40. Qc3 ({Better is} 40. Ne3 $11) 40... Rh6 $40 {[%mdl 128] Black attacks.} 41. h4 g5 42. d5 $2 {[%mdl 8192]} (42. Qd2 $1 $15 Rh5 43. Qe2) 42... gxh4 $19 43. g4 Qxd5 ({Not} 43... Bxd5 44. Qe5 $17) 44. Rbf1 $2 (44. Rg1 {was the only chance.}) 44... Rg6 45. Ne3 Qd6+ 46. Rf4 Re8 $1 {And now ...Re4 would win.} 47. Kh3 {[#]} h5 $1 {[%mdl 512]} 48. Nf5 {[#]} (48. gxh5 Rg3+) 48... Qd5 $1 {[%cal Rd5g2]} 49. Kxh4 Re2 50. R1f2 {[#]} Qd8+ $2 (50... hxg4 $1 {[%mdl 512] ( -> ...Qh1+)} 51. Rxg4 Qh1+ 52. Qh3 Rxg4+ 53. Kxg4 Rxf2 54. Qxh1 Bxh1) 51. Kg3 (51. Kh3 $142 Rxf2 52. Rxf2) 51... Rxf2 $2 (51... Qc7 $19 52. Kh4 Rxf2 53. Rxf2 hxg4) 52. Kxf2 $11 {The position is equal.} hxg4 53. Rxg4 Rxg4 54. Nh6+ {[%mdl 64] Double Attack} Kh7 55. Nxg4 Qh4+ 56. Qg3 Qxg3+ 57. Kxg3 {KB-KN} Bb5 58. Kf4 {Hoping for Nf6+.} Kg7 59. Ke5 Kg6 60. Nf6 {aiming for Nd5.} Ba6 61. Nd5 {Nc7 is the strong threat.} Kg5 62. Nf6 {Accuracy: White = 45%, Black = 58%.} 1/2-1/2

[Event "Budapest Spring Festival 2019"]
[Site "Budapest"]
[Date "2019.04.09"]
[Round "1.20"]
[White "Terbe, Julianna"]
[Black "Krzyzanowski, Marcin"]
[Result "0-1"]
[WhiteElo "2265"]
[BlackElo "2509"]
[Annotator "RC"]
[PlyCount "80"]
[EventDate "2019.04.09"]
[EventType "swiss"]
[EventCountry "HUN"]
[SourceTitle "playchess.com"]
[Source "ChessBase"]
[SourceQuality "1"]
[TimeControl "40/5400+30:1800+30"]

1. d4 {[%emt 0:00:03]} Nf6 {[%emt 0:00:07]} 2. Bf4 {[%emt 0:00:06]} g6 {[%emt 0:00:40]} 3. e3 {[%emt 0:00:05]} Bg7 {[%emt 0:00:03]} 4. Nf3 {[%emt 0:00:06]} O-O {[%emt 0:00:16]} 5. Be2 {[%emt 0:00:04]} d6 {[%emt 0:00:10]} 6. h3 {[%emt 0:00:05]} Nbd7 {[%emt 0:00:37]} 7. O-O {[%emt 0:00:07]} Qe8 {[%emt 0:00:01]} 8. c4 {[%emt 0:00:06]} e5 {[%emt 0:00:16]} 9. Bh2 {[%emt 0:00:06]} Ne4 {[%emt 0:00:23]} 10. Qc2 {[%emt 0:01:07]} f5 {[%emt 0:00:34]} 11. Nc3 {[%emt 0:00:10]} Nxc3 {[%emt 0:00:47]} 12. Qxc3 {[%emt 0:01:45]} Qe7 {[%emt 0:02:59]} 13. Rac1 {[%emt 0:04:59]} b6 {[%emt 0:08:04]} 14. Qc2 {[%emt 0:14:17]} a5 {[%emt 0:05:13]} 15. Rfd1 {[%emt 0:10:05]} g5 {[%emt 0:03:50]} 16. Ne1 {[%emt 0:05:48]} e4 {[%emt 0:01:53]} 17. Qd2 {[%emt 0:02:59]} Kh8 {[%emt 0:03:19]} 18. Nc2 {[%emt 0:01:20]} Qf7 {[%emt 0:01:07]} 19. f4 {[%emt 0:04:26]} exf3 {[%emt 0:05:42]} 20. Bxf3 {[%emt 0:00:33]} Rb8 {[%emt 0:00:11]} 21. Na3 {[%emt 0:05:19]} Nf6 {[%emt 0:08:50]} 22. Nb5 {[%emt 0:02:12]} g4 {[%emt 0:11:25]} 23. hxg4 {[%emt 0:00:33]} fxg4 {[%emt 0:00:08]} 24. Bd5 {[%emt 0:02:06]} Qd7 {[%emt 0:08:23]} 25. e4 {[%emt 0:08:13]} Re8 {[%emt 0:09:05]} 26. Qd3 {[%emt 0:01:17]} Ba6 {[%emt 0:01:29]} 27. Na7 {[%emt 0:08:01]} Nxd5 {[%emt 0:04:44]} 28. exd5 {[%emt 0:00:07]} Bh6 {[%emt 0:00:03]} 29. Nc6 {[%emt 0:04:25]} Ra8 {[%emt 0:00:46]} 30. Rc3 {[%emt 0:02:08]} Re3 {[%emt 0:04:57]} 31. Qd2 {[%emt 0:00:43]} Rh3 {[%emt 0:04:49]} 32. Bf4 {[%emt 0:03:53]} Bxf4 {[%emt 0:00:05]} 33. Qxf4 {[%emt 0:00:04]} Rxc3 {[%emt 0:00:04]} 34. bxc3 {[%emt 0:00:04]} Bxc4 {[%emt 0:08:32]} 35. Re1 {[%emt 0:02:11]} Qg7 {[%emt 0:00:57]} 36. Re7 {[%emt 0:02:17]} Rf8 {[%emt 0:00:15]} 37. Qc1 {[%emt 0:07:18]} Qg6 {[%emt 0:01:39]} 38. Re1 {[%emt 0:00:11]} g3 {[%emt 0:01:07]} 39. Qe3 {[%emt 0:00:57]} Qg4 {[%emt 0:00:49]} 40. Qe6 {[%emt 0:00:00]} Qf4 {[%emt 0:00:00]} 0-1

[Event "Budapest Spring Festival 2019"]
[Site "Budapest"]
[Date "2019.04.09"]
[Round "1.21"]
[White "Kosic, Dragan"]
[Black "Balogh, David"]
[Result "1-0"]
[WhiteElo "2508"]
[BlackElo "2264"]
[Annotator "TA"]
[PlyCount "67"]
[EventDate "2019.04.09"]
[EventType "swiss"]
[EventCountry "HUN"]
[SourceTitle "playchess.com"]
[Source "ChessBase"]
[SourceQuality "1"]

{[%evp 11,67,-15,-8,-8,11,14,11,10,28,40,50,39,82,76,71,60,52,52,78,28,45,47,47,36,27,0,43,39,53,16,116,38,85,81,143,112,312,320,305,296,292,279,263,219,468,414,414,384,381,399,372,346,1588,1209,29984,29985,29989,2455]} 1. d4 Nf6 2. Nf3 e6 3. Bf4 d5 4. e3 Bd6 5. Bg3 O-O 6. Nbd2 b6 7. Ne5 {D02: 1 d4 d5 2 Nf3 sidelines, including 2...Nf6 3 g3 and 2...Nf6 3 Bf4} (7. c3 c5 8. Bd3 Ba6 9. Bxa6 Nxa6 10. O-O Bxg3 11. hxg3 Qc7 12. Qe2 Nb8 13. e4 dxe4 14. Nxe4 Nbd7 {1-0 (55) Duda,J (2738)-Giri,A (2783) St Petersburg 2018}) 7... Ba6 8. Bxa6 Nxa6 9. O-O {The position is equal.} Nb8 $146 ({Predecessor:} 9... Nd7 10. Qe2 Nab8 11. e4 Nxe5 12. dxe5 Be7 13. Rad1 Qc8 14. exd5 exd5 {1-0 (23) Jugelt,T (2394)-Schulte,T (2200) Boeblingen 2008}) 10. c4 c5 11. cxd5 Bxe5 12. dxe5 Nxd5 13. Nc4 Nc6 14. Qg4 h6 15. h4 f5 16. exf6 Qxf6 17. Rad1 Rad8 18. Bd6 Nde7 19. e4 Kh7 20. f4 Qg6 (20... b5 $1 $11 21. e5 Qf5) 21. Qe2 (21. Qxg6+ $16 Kxg6 22. Bxe7 Nxe7 23. Ne5+ Kh7 24. g3) 21... Rfe8 22. h5 $36 {[%mdl 2048] White is really pushing.} Qf6 ({Better is} 22... Qf7) 23. Qg4 g6 $2 (23... Qf7 $16 {keeps fighting.} 24. a3 Qg8) 24. Bxe7 $18 Nxe7 {[#]} 25. Nd6 $1 {[%cal Bc4d6,Bd6e4,Be4f6][%mdl 32]} Rg8 26. e5 Qg7 27. Ne4 Rgf8 $2 (27... gxh5 28. Nf6+ Qxf6 29. Qxg8+ Rxg8 30. exf6 Nf5 31. Rd7+ Kg6) 28. Nf6+ Kh8 29. Qxe6 Nf5 30. Rxd8 Rxd8 31. Ne4 Rd4 $2 (31... Rg8 32. hxg6 Qxg6 33. Qxg6 Rxg6) 32. hxg6 Ne3 {[#]} 33. Nf6 $1 Rd8 34. Ne8 {Accuracy: White = 70%, Black = 16%.} (34. Nh5 $142 Qd7 35. g7+ Qxg7 36. Nxg7 Rd2 37. Qxh6+ Kg8 {[#]} 38. Ne6 $1 {[%mdl 512]} Kf7 39. f5) 1-0

[Event "Budapest Spring Festival 2019"]
[Site "Budapest"]
[Date "2019.04.09"]
[Round "1.22"]
[White "Zentai, Peter"]
[Black "Kantor, Gergely"]
[Result "0-1"]
[WhiteElo "2263"]
[BlackElo "2505"]
[Annotator "TA"]
[PlyCount "74"]
[EventDate "2019.04.09"]
[EventType "swiss"]
[EventCountry "HUN"]
[SourceTitle "playchess.com"]
[Source "ChessBase"]
[SourceQuality "1"]

{[%evp 11,74,9,29,21,22,13,21,16,44,3,11,11,11,11,6,2,13,-4,48,0,54,0,13,-10,-16,-54,-39,-28,0,-26,-3,-4,0,0,0,-1,0,0,41,-49,-40,-156,-158,-185,-148,-304,-287,-331,-329,-304,-310,-308,-329,-322,-110,-183,-190,-838,-804,-1248,-1262,-1149,-1087,-29987,-29988]} 1. d4 e6 2. c4 b6 3. a3 Bb7 4. Nc3 f5 5. d5 Nf6 6. g3 a5 7. Bg2 {A40: Unusual replies to 1 d4} Na6 8. Nh3 Bd6 9. O-O {The position is equal.} O-O 10. Bf4 $146 ({Predecessor:} 10. e4 Be5 11. exf5 Bxc3 12. bxc3 exf5 13. Be3 Ne4 14. Bxe4 fxe4 {1-0 (36) Navara,D (2737)-Hou,Y (2666) Biel 2017}) 10... Bxf4 11. Nxf4 e5 12. Nd3 e4 13. Nf4 Qe7 (13... g5 $5 14. Nh3 $8 Ng4 $15) 14. Rc1 Qe5 ({Black should try} 14... g5 $11 15. Nh3 h6) 15. Qc2 Rae8 ({Better is} 15... Nc5 $11) 16. e3 g5 17. Nh3 h6 18. Rfd1 Nc5 19. Bf1 Ng4 20. Be2 Qg7 21. b4 axb4 22. axb4 Na6 $36 {[%mdl 2048] Black is more active.} 23. Rb1 Qg6 24. Kg2 h5 25. Rd4 (25. Rg1 $14) 25... d6 $15 26. Ng1 ({White should play} 26. Kh1 $15) 26... Bc8 27. h3 Nf6 28. Kf1 $2 (28. Kh2 $17) 28... h4 $19 29. Ke1 hxg3 30. fxg3 {[#]} f4 $1 {[%mdl 512]} 31. g4 (31. exf4 gxf4) 31... Qh7 ({Not} 31... fxe3 32. Qc1 $15) 32. Kd2 fxe3+ $2 (32... f3 $19 {and Black stays clearly on top.} 33. Nxf3 exf3 34. Bxf3 Qh6) 33. Kxe3 (33. Kc1 $17 {is a better defense.}) 33... Qh4 {[%cal Rf6g4] And now ...Nxg4+! would win.} 34. Nxe4 $2 (34. Kd2) 34... Qg3+ 35. Bf3 {[#]} Nxb4 $1 {[%mdl 512]} 36. Rxb4 Qxg1+ 37. Kd3 Nxe4 {Accuracy: White = 32%, Black = 53%.} 0-1

[Event "Budapest Spring Festival 2019"]
[Site "Budapest"]
[Date "2019.04.09"]
[Round "1.23"]
[White "Popovic, Dusan"]
[Black "Bhambure, Shantanu"]
[Result "0-1"]
[WhiteElo "2503"]
[BlackElo "2261"]
[Annotator "TA"]
[PlyCount "78"]
[EventDate "2019.04.09"]
[EventType "swiss"]
[EventCountry "HUN"]
[SourceTitle "playchess.com"]
[Source "ChessBase"]
[SourceQuality "1"]

{[%evp 16,78,0,0,0,-11,-2,-12,0,-28,-15,-28,-17,-35,-35,-35,-21,-11,-25,-27,-15,-37,-21,-32,4,-71,-61,-50,0,-54,-37,-39,-42,-47,-60,-96,-33,-213,-206,-207,-220,-211,391,-119,-150,-134,32,-135,-79,-272,-277,-539,-535,-604,-616,-616,-616,-624,-615,-660,-639,-821,-824,-1081,-714]} 1. e4 c5 2. Nf3 d6 3. Bc4 Nf6 4. d3 Nc6 5. h3 (5. O-O Bg4 6. h3 Bxf3 7. Qxf3 g6 8. Nc3 Bg7 9. Qd1 O-O 10. a3 a6 11. Ba2 b5 12. Bg5 e6 13. Qd2 {½-½ (67) Kramnik,V (2779)-Xiong,J (2656) Douglas 2018}) 5... e6 6. Bb3 {B50: Sicilian: 2...d6, Miscellaneous} Be7 7. c3 O-O 8. O-O b5 9. Re1 {LiveBook: 5 Games} Bb7 10. Nbd2 Qb6 $146 ({Predecessor:} 10... Rc8 11. Nf1 Qb6 12. Ng3 Rfd8 {1-0 (41) Saptarshi,R (2494)-Siva,M (2333) Mumbai 2019}) 11. Bc2 d5 12. a3 Rfd8 13. Qe2 a5 14. e5 Nd7 15. d4 cxd4 16. Qd3 Nf8 {Hoping for ...dxc3.} 17. cxd4 b4 18. Nf1 Rdc8 19. h4 a4 20. Ng3 (20. Qd1 $11 {keeps the balance.}) 20... Ba6 $17 21. Qd1 Na5 22. Nh5 ({White should play} 22. Bxa4 $11 Nc4 23. Bc2) 22... bxa3 23. bxa3 Nb3 24. Rb1 {[%cal Rc2b3]} Rab8 $36 {[%mdl 2048] Black is more active.} 25. Be3 Qa5 (25... Bxa3 $2 26. Bd2 $19) (25... Qb5 $17 {Threatens to win with ...Qc4.} 26. Ng5 Rb7) 26. Ng5 $2 (26. Bxb3 $15 axb3 27. Rxb3) 26... Qc3 $1 $19 {[%cal Rc3c2]} (26... Bxa3 27. Nxg7 $1 {[%mdl 512]} (27. Qf3 $2 Rb7 $19) 27... Kxg7 28. Qh5 $11) 27. Bxb3 axb3 {[%cal Ba4b3,Bb3b2][%mdl 32]} ({Don't do} 27... Rxb3 28. Qg4 $17) 28. Qg4 g6 $4 {[%mdl 8192] [#]} (28... Qc2 $19 {and all is fine. Strongly threatening ...b2.} 29. Nxg7 h6 30. N7xe6 hxg5 31. Nxg5 Bxg5 32. Bxg5 Ne6) 29. Nf6+ $2 (29. Qf4 $1 $18 {[%cal Rf4f7]} Bxg5 30. Qxg5) 29... Bxf6 $1 $17 30. exf6 Qd3 $2 ({Better is} 30... b2 $17 31. Qf4 Qxa3) 31. Bf4 $2 (31. Qf4 $1 $14 {stays ahead.} h5 32. Ne4 Qxe3 33. Rxe3) 31... Rb6 ({Stronger than} 31... Qxd4 32. Nf3 $14) (31... h5 $142 32. Qd1 Qxd1 33. Rexd1 Rb7) 32. h5 $2 {[#]} (32. Nf3 $17 Nd7 33. Qg5) 32... b2 $1 $19 (32... Qxd4 33. hxg6 Nxg6 34. Qh5 $15) 33. hxg6 $2 (33. Kh2) 33... Qxg6 {Black is clearly winning.} 34. Qh3 Bd3 {[%cal Ba6d3,Bd3f5,Bf5e4][%mdl 32]} 35. Rxb2 Rxb2 36. Nf3 Bf5 37. Qh4 {Black must now prevent Ne5.} Nd7 38. Bg5 Be4 39. Nh2 h6 {Precision: White = 23%, Black = 32%.} 0-1

[Event "Budapest Spring Festival 2019"]
[Site "Budapest"]
[Date "2019.04.09"]
[Round "1.24"]
[White "Gyurkovics, Bence"]
[Black "Galyas, Miklos"]
[Result "1/2-1/2"]
[WhiteElo "2261"]
[BlackElo "2490"]
[Annotator "ChessBase"]
[PlyCount "80"]
[EventDate "2019.04.09"]
[EventType "swiss"]
[EventCountry "HUN"]
[SourceTitle "playchess.com"]
[Source "ChessBase"]
[SourceQuality "1"]
[TimeControl "40/5400+30:1800+30"]

1. d4 {[%emt 0:00:05]} d6 {[%emt 0:00:11]} 2. c4 {[%emt 0:00:51]} e5 {[%emt 0:00:59]} 3. Nf3 {[%emt 0:03:27]} e4 {[%emt 0:00:09]} 4. Ng5 {[%emt 0:00:23]} f5 {[%emt 0:00:14]} 5. Nc3 {[%emt 0:03:04]} c6 {[%emt 0:00:40]} 6. g3 {[%emt 0:02:31]} Be7 {[%emt 0:00:58]} 7. h4 {[%emt 0:06:43]} Nf6 {[%emt 0:00:57]} 8. Nh3 {[%emt 0:03:25]} O-O {[%emt 0:00:25]} 9. Nf4 {[%emt 0:00:37]} Na6 {[%emt 0:01:18]} 10. e3 {[%emt 0:05:07]} Nc7 {[%emt 0:02:13]} 11. b3 {[%emt 0:03:24]} d5 {[%emt 0:07:31]} 12. Bb2 {[%emt 0:03:35]} b5 {[%emt 0:08:41]} 13. Be2 {[%emt 0:10:38]} Rb8 {[%emt 0:04:24]} 14. Qc2 {[%emt 0:06:05]} bxc4 {[%emt 0:04:26]} 15. bxc4 {[%emt 0:00:24]} Ne6 {[%emt 0:00:48]} 16. Nxe6 {[%emt 0:08:48]} Bxe6 {[%emt 0:00:29]} 17. c5 {[%emt 0:01:01]} Ng4 {[%emt 0:05:06]} 18. Rb1 {[%emt 0:05:20]} f4 {[%emt 0:07:42]} 19. gxf4 {[%emt 0:14:07]} Bxh4 {[%emt 0:00:54]} 20. Nd1 {[%emt 0:02:24]} Nxe3 {[%emt 0:09:15]} 21. Nxe3 {[%emt 0:01:08]} Rxf4 {[%emt 0:00:07]} 22. Bc1 {[%emt 0:03:58]} Bxf2+ {[%emt 0:11:18]} 23. Kd1 {[%emt 0:00:10]} Rf8 {[%emt 0:01:09]} 24. Rxb8 {[%emt 0:02:10]} Qxb8 {[%emt 0:01:38]} 25. Qa4 {[%emt 0:02:33]} Qc7 {[%emt 0:03:54]} 26. Ng4 {[%emt 0:01:40]} Bxg4 {[%emt 0:10:14]} 27. Bxg4 {[%emt 0:00:02]} Qg3 {[%emt 0:00:58]} 28. Be2 {[%emt 0:00:49]} Qc3 {[%emt 0:00:39]} 29. Qxc6 {[%emt 0:01:34]} Qxd4+ {[%emt 0:00:27]} 30. Kc2 {[%emt 0:00:38]} Qxc5+ {[%emt 0:02:39]} 31. Qxc5 {[%emt 0:00:05]} Bxc5 {[%emt 0:00:07]} 32. Rh5 {[%emt 0:02:13]} Rc8 {[%emt 0:04:19]} 33. Bg4 {[%emt 0:01:31]} Rc7 {[%emt 0:02:22]} 34. Be6+ {[%emt 0:01:04]} Kf8 {[%emt 0:00:15]} 35. Kd1 {[%emt 0:00:57]} d4 {[%emt 0:01:49]} 36. Rxc5 {[%emt 0:00:35]} Rxc5 {[%emt 0:00:05]} 37. Ba3 {[%emt 0:00:03]} Ke7 {[%emt 0:00:05]} 38. Bxc5+ {[%emt 0:00:30]} Kxe6 {[%emt 0:00:04]} 39. Bxd4 {[%emt 0:00:06]} g5 {[%emt 0:00:24]} 40. Bxa7 {[%emt 0:00:00]} Kd5 {[%emt 0:00:00]} 1/2-1/2

[Event "Budapest Spring Festival 2019"]
[Site "Budapest"]
[Date "2019.04.09"]
[Round "1.25"]
[White "Swayams, Mishra"]
[Black "Kormos, Adam"]
[Result "1-0"]
[WhiteElo "2478"]
[BlackElo "2257"]
[Annotator "TA"]
[PlyCount "79"]
[EventDate "2019.04.09"]
[EventType "swiss"]
[EventCountry "HUN"]
[SourceTitle "playchess.com"]
[Source "ChessBase"]
[SourceQuality "1"]

{[%evp 9,79,39,55,37,77,54,68,18,57,16,39,0,13,18,10,2,10,0,8,-12,30,30,22,24,28,0,0,0,12,0,0,-8,0,-43,-40,-43,-52,-76,-76,-85,-85,-60,-69,-66,0,0,-31,-28,-32,-22,3,8,7,0,11,0,0,0,0,0,17,11,161,150,662,665,627,607,2360,1724,1564,1516]} 1. d4 d6 2. Nf3 Bg4 3. e3 Nf6 4. h3 (4. Be2 Nbd7 5. c4 e5 6. Nc3 c6 7. O-O Be7 8. h3 Bh5 9. b3 O-O 10. Bb2 e4 11. Nh2 Bxe2 12. Qxe2 d5 13. Rac1 a6 14. Ng4 Re8 15. Rc2 Bd6 16. Nxf6+ {½-½ (16) Mamedyarov,S (2817)-Petrosian,T (2598) St Petersburg 2018}) 4... Bxf3 5. Qxf3 c6 6. Nc3 $146 {A41: 1 d4 d6: Tartakower System and Modern Defence} ({Predecessor:} 6. Bd3 Nbd7 7. Nd2 g6 8. g4 h6 9. Nf1 e5 10. Ng3 d5 11. dxe5 Nxe5 {1-0 (57) Keto Tokoi,M (1876)-Totterstrom,R (1755) Finland 2017}) 6... Nbd7 7. g4 g6 8. Bg2 {White is slightly better.} Bg7 9. O-O O-O 10. a4 d5 11. Qg3 Qb8 12. f4 e6 13. Ne2 c5 14. c3 b5 15. f5 Qxg3 16. Nxg3 {Hoping for g5.} gxf5 17. gxf5 (17. axb5 $5 {[%cal Rg4f5]} fxg4 18. hxg4 $11) 17... b4 18. cxb4 cxb4 19. Bd2 a5 20. Rac1 Rac8 21. Ne2 e5 22. b3 Bh6 23. Kf2 {[#]} exd4 $1 24. Nxd4 {[#]} Nc5 $1 25. Ke2 Rfe8 26. Bf3 Nfe4 27. Bxe4 $1 Nxe4 28. Rxc8 Rxc8 29. Rc1 Re8 30. Rc6 Bg5 31. Bc1 Bf6 32. Nb5 {With the idea Nd6.} Kg7 33. Nc7 Rd8 34. Bd2 Ng3+ 35. Kd3 {Rc5 is the strong threat.} Nxf5 (35... Be5 $11 {and Black has nothing to worry.}) 36. Rc5 $18 Rd7 $2 (36... Be5 $16) 37. Ne8+ {White is clearly winning.} Kg6 38. Rc6 d4 39. Rxf6+ Kg5 40. exd4+ {Accuracy: White = 48%, Black = 40%.} 1-0

[Event "Budapest Spring Festival 2019"]
[Site "Budapest"]
[Date "2019.04.09"]
[Round "1.26"]
[White "Abhilash, Reddy M.L."]
[Black "Livaic, Leon"]
[Result "1-0"]
[WhiteElo "2252"]
[BlackElo "2474"]
[Annotator "TA"]
[PlyCount "61"]
[EventDate "2019.04.09"]
[EventType "swiss"]
[EventCountry "HUN"]
[SourceTitle "playchess.com"]
[Source "ChessBase"]
[SourceQuality "1"]

{[%evp 23,61,-12,-4,-39,2,-36,-16,-33,34,42,29,38,37,13,65,50,51,47,116,104,99,76,173,166,237,206,294,304,294,280,318,298,348,370,362,362,729,734,1406,1408]} 1. d4 Nf6 2. Bg5 d5 3. Nd2 Nbd7 4. Ngf3 h6 5. Bh4 e6 6. e3 c5 7. c3 Be7 8. Bd3 b6 9. O-O Bb7 10. Ne5 Nxe5 11. dxe5 {A46: 1 d4 Nf6 2 Nf3 e6: Torre, London and Colle Systems} Nd7 12. Bg3 h5 {[%cal Bh6h5,Bh5h4][%mdl 32] LiveBook: 3 Games. aiming for ...h4.} (12... Bh4 13. f4 Bxg3 14. hxg3 Qe7 15. Qg4 h5 16. Qe2 h4 17. Qg4 hxg3 18. Qxg3 O-O-O {1-0 (46) Kamsky,G (2717)-Golod,V (2552) New York 2004}) 13. f4 {The position is equal.} g6 14. Qc2 h4 $146 ({Predecessor:} 14... Rg8 15. c4 h4 16. Be1 Qc7 17. cxd5 Bxd5 18. Be4 O-O-O 19. Bxd5 exd5 {1-0 (49) Abdel Razik,K (2365)-Georg,M (2277) Tanta 2001}) 15. Bf2 Rg8 (15... h3 $15) 16. c4 $14 Qc7 17. cxd5 Bxd5 18. Be4 Qb7 (18... h3 $11) 19. Rad1 h3 20. gxh3 g5 ({Black should play} 20... O-O-O $14) 21. Bg3 $16 gxf4 22. exf4 c4 {[#]} (22... O-O-O $16) 23. Qxc4 $1 $18 {[%mdl 512]} b5 {[#]} (23... Bxc4 {was called for.} 24. Bxb7 Bxf1 25. Bxa8 Be2) 24. Qe2 $1 Nc5 (24... Bc6 {might work better.} 25. Rc1 Qb6+ 26. Qf2 Bxe4) 25. Bxd5 Qxd5 26. Qxb5+ Kf8 27. Nb3 Qe4 28. Nxc5 Qe3+ 29. Kg2 Bxc5 $2 (29... Qxc5 30. Qxc5 Bxc5) 30. Rf3 a6 31. Qc4 {Accuracy: White = 74%, Black = 25%.} 1-0